| 000 | 02794cam a2200349 a 4500 | ||
|---|---|---|---|
| 003 | EG-GiCUC | ||
| 005 | 20250223031643.0 | ||
| 008 | 170124s2016 ua h f m 000 0 eng d | ||
| 040 |
_aEG-GiCUC _beng _cEG-GiCUC |
||
| 041 | 0 | _aeng | |
| 049 | _aDeposite | ||
| 097 | _aPh.D | ||
| 099 | _aCai01.11.33.Ph.D.2016.Mo.S | ||
| 100 | 0 | _aMohammed Abdelhameed Abdelbadea | |
| 245 | 1 | 2 |
_aA study on the effect of argon plasma coagulation followed by endoscopic band ligation in comparison to endoscopic band ligation alone for the treatment of bleeding gastric antral vascular ectasia in Egyptian cirrhotic patients / _cMohammed Abdelhameed Abdelbadea ; Supervised Hanan Abdelhaleem Marzok , Mohamed Salah Abdelbary , Gamal Eldin Mohamed Rizk Elattar |
| 246 | 1 | 5 | _aدراسة مقارنة استخدام التجلط ببلازما الارجون متبوعا بالربط بالتنظير و استخدام الربط بالتنظير فقط لعلاج النزيف من تمدد الأوعية الدموية بغار المعده فى المرضى المصريين الذين يعانون من تشمع الكبد |
| 260 |
_aCairo : _bMohammed Abdelhameed Abdelbadea , _c2016 |
||
| 300 |
_a130 P. : _bfacsimiles ; _c25cm |
||
| 502 | _aThesis (Ph.D.) - Cairo University - Faculty of Medicine - Department of Tropical Medicine | ||
| 520 | _aArgon plasma coagulation (APC) is the standard treatment of gastric antral vascular ectasia (GAVE). Endoscopic band ligation (EBL) emerging as new modality for treatment of GAVE. Compare the effect of APC followed by EBL to EBL alone for the treatment of bleeding GAVE in cirrhotic patients. The study was conducted on forty cirrhotic patients presenting with bleeding from GAVE. The patients were divided into two groups: Combined therapy group (CTG): 20 patients were subjected to alternating sessions of APC and EBL. EBL group (EBLG): 20 patients were subjected to EBL alone. Sessions were applied every 3 weeks till adequate endoscopic ablation was achieved. Regular follow-up and endoscopic assessment at 6 months. In the CTG the mean number of sessions (MNS) was 3.25±1.07 and the mean number of rubber bands (MNRB) calculated and was found to be 8.30±3.53.In the EBLG the MNS was 1.95±0.76 and the MNRB was calculated and was found to be 11.35±5.44.In the CTG: no complication was detected. In the EBLG: four patients (20%) had complication | ||
| 530 | _aIssued also as CD | ||
| 653 | 4 | _aAPC | |
| 653 | 4 | _aEBL | |
| 653 | 4 | _aGAVE | |
| 700 | 0 |
_aGamal Eldin Mohamed Rizk Elattar , _eSupervisor |
|
| 700 | 0 |
_aHanan Abdelhaleem Marzok , _eSupervisor |
|
| 700 | 0 |
_aMohamed Salah Abdelbary , _eSupervisor |
|
| 856 | _uhttp://172.23.153.220/th.pdf | ||
| 905 |
_aNazla _eRevisor |
||
| 905 |
_aSamia _eCataloger |
||
| 942 |
_2ddc _cTH |
||
| 999 |
_c59583 _d59583 |
||